000 01641cad a22002415a 4500
001 L154652
008 120110e20100319xxk f 000 0 eng d
035 _a(Sirsi) u154652
041 0 _aeng
245 0 0 _aNorth Eastern Properties Ltd v Damien Coleman; Patrick Quinn
_h[electronic resource]
260 _c2010
520 _a[2010] EWCA Civ 277, 19 March 2010. Appellant purchasers C and Q appealed against an order ([2009] EWHC 2174 (Ch)) for specific performance of contracts for the sale of land. They had negotiated a 10% discount on the purchase price but C instructed that only 8% to be shown on the contracts, the remaining 2% being invoiced as a finder's fee and being the subject of a separate agreement. C and Q refused to complete after respondent N had served delayed notices of completion and resisted N's subsequent application for specific performance.The court found for N who contended that the finder's fee was not a term of any of the contracts. Held: appeal dismissed. The judge was correct in concluding that the finder's fee did not form part of any of the contracts.
590 _aKA
650 2 4 _aNORTH EASTERN PROPERTIES LTD V DAMIEN COLEMAN AND ANOR
650 2 4 _aGROSSMAN V HOOPER
650 2 4 _aLAW OF PROPERTY ACT 1925 S40
650 2 4 _aLAW OF PROPERTY (MISCELLANEOUS PROVISIONS) ACT 1989 S2
650 2 4 _aLAW OF PROPERTY (MISCELLANEOUS PROVISIONS) ACT 1989 S2(1)
651 4 _aEngland and Wales
_y1543-
690 _aPROPERTY-PROPERTY ACQUISITION AND DISPOSAL
856 4 0 _uhttps://www.bailii.org/ew/cases/EWCA/Civ/2010/277.html
_zView the law report free of charge at www.bailii.org
942 _n0
999 _c113086
_d113086